00585nas a2200193 a 4500001001000000003000400010005001700014008004100031040001800072043001200090222002900102245003000131260007700161300002400238310001800262362002900280500006500309999001700374000026471DLC20200930030236.0110318c20099999dr tr1p 0 0spa d aDO-SdBNPbspa anwdr--- 0aDemocracia es participar00aDemocracia es participar. aSanto Domingo :bCentro de Estudios Sociales Padre Juan Montalvo,c2009. av. :bil. ;c28 cm. aCuatrimestral0 aNo. 90/91 (sep/dic 2009) aCatalogación realizada a partir del fascículo 90/91 2009 c25963d25963